| 000 | 01984cam a22005414i 4500 | ||
|---|---|---|---|
| 003 | PE-LiUPU | ||
| 005 | 20250731165511.0 | ||
| 008 | 180205s2018 sp a rb 000 0 spa d | ||
| 020 | _a9788416228836 | ||
| 035 | _a(Sirsi) a241171 | ||
| 040 |
_aPE-LiUPU _bspa _cPE-LiUPU _erda |
||
| 049 | _aPRUA | ||
| 082 | 0 | 4 |
_a005.74 _bG24 _220 |
| 100 | 1 |
_aGarcía Ruíz, Yolanda, _eautor. |
|
| 245 | 1 | 0 |
_aBig Data : _banálisis de datos con python / _cYolanda García Ruíz, Antonio Sarasa Cabezuelo. |
| 250 | _aEdición: 1a. | ||
| 264 | 1 |
_aMadrid : _bIbergarceta, _c2018. |
|
| 300 |
_axv, 309 páginas : _bilustraciones ; _c24 centímetros |
||
| 336 |
_atext _2rdacontent |
||
| 337 |
_aunmediated _2rdamedia |
||
| 338 |
_avolume _2rdacarrier |
||
| 504 | _aBibliografía al final de cada capítulo. | ||
| 505 | 0 | _aEl entorno jupyter notebook -- Introducción al lenguaje Python -- La libreria matplotlib -- Los arroyos de Numpy -- Las librerías stats y cluster de Scipy -- Las series y datrames de pandas -- Importar y exportar datos -- Limpieza y procesamientos de los datos -- Introducción a Scikit-Learn. | |
| 526 | _aSEG44 | ||
| 526 | _aSEG26 | ||
| 526 | _aP151 | ||
| 526 | _aP150 | ||
| 526 | _aP149 | ||
| 526 | _aP146 | ||
| 526 | _aP145 | ||
| 526 | _aP126 | ||
| 526 | _aP125 | ||
| 526 | _aP92 | ||
| 526 | _aP75 | ||
| 526 | _aP74 | ||
| 526 | _aP27 | ||
| 526 | _aP15 | ||
| 541 | _g001-0042353; | ||
| 650 | 0 | 4 | _aBig Data. |
| 650 | 0 | 4 | _aBase de datos (Python) |
| 650 | 0 | 4 | _aDatabase (Python) |
| 700 | 1 |
_aSarasa Cabezuelo, Antonio, _eautor. |
|
| 910 |
_adbm _bncf _cncf _d20180205 |
||
| 942 |
_2ddc _cBOOK |
||
| 994 |
_aC0 _bPEPRU |
||
| 596 | _a1 | ||
| 999 |
_a005.74 G24 _wDEWEY _c26809 _i78283 _d26809 _e2019-10-24 _f2021-11-9 _g4 _lCCODEBUL1 _mBUL _n17 _p47.48 _q3 _r0 _sY _tBOOK _u2018-2-5 _xINGENIERIA _PP27 _0COMPRA _o.STAFF. Colección Ingeniería y Arquitectura |
||
| 980 |
_81 _gALBERTO SANCHEZ Responsable de Automatización |
||